Spot the Difference XX Quiz Stats

 Plays Quiz Updated Oct 24, 2017

Challenge
Share
Tweet
Score 0/5 Timer 03:00
1 Play Today
% Correct
Tourist
96.5%
Forest
86.4%
Landing
66.9%
Gown
66.2%
Staircase
41.3%

You're not logged in!

Compare scores with friends on all Sporcle quizzes.
Join for Free
OR
Log In

You Might Also Like...

Show Comments

Extras

Top Quizzes Today


Score Distribution

Your Account Isn't Verified!

In order to create a playlist on Sporcle, you need to verify the email address you used during registration. Go to your Sporcle Settings to finish the process.

Report this User

Report this user for behavior that violates our Community Guidelines.

Details: